Talleyrand / (Record no. 96109)

MARC details
000 -LEADER
campo de control de longitud fija 00791nam a2200217 i 4500
001 - NÚMERO DE CONTROL
campo de control 96109
003 - IDENTIFICADOR DE NÚMERO DE CONTROL
campo de control ES-MaACL
005 - FECHA Y HORA DE LA ÚLTIMA TRANSACCIÓN
campo de control 20250921063030.0
007 - CAMPO FIJO DE DESCRIPCIÓN FÍSICA--INFORMACIÓN GENERAL
campo de control de longitud fija t|
008 - DATOS DE LONGITUD FIJA--INFORMACIÓN GENERAL
campo de control de longitud fija 050610s1946 sp ||||1| spa d
100 1# - ENTRADA PRINCIPAL--NOMBRE DE PERSONA
Nombre de persona Madelin, Louis,
Fechas asociadas al nombre 1871-1956
9 (RLIN) 75312
245 10 - MENCIÓN DEL TÍTULO
Título Talleyrand /
Mención de responsabilidad, etc. Louis Madelin; [versión española de José Muñoz].
260 ## - PUBLICACIÓN, DISTRIBUCIÓN, ETC.
Lugar de publicación, distribución, etc. Madrid :
Nombre del editor, distribuidor, etc. E.P.E.S.A.,
Fecha de publicación, distribución, etc. 1946.
300 ## - DESCRIPCIÓN FÍSICA
Extensión XI, 469 p. ;
Dimensiones 21 cm.
490 1# - MENCIÓN DE SERIE
Mención de serie Ciencias Historicas. Las grandes épocas de la historia
600 14 - PUNTO DE ACCESO ADICIONAL DE MATERIA--NOMBRE DE PERSONA
Nombre de persona Talleyrand-Périgord, Charles Maurice de,
Títulos y otros términos asociados al nombre prince de Bénèvent,
Fechas asociadas al nombre 1754-1838
9 (RLIN) 109131
700 1# - ENTRADA AGREGADA--NOMBRE PERSONAL
Nombre de persona Muñoz, José.
9 (RLIN) 84317
830 00 - PUNTO DE ACCESO ADICIONAL DE SERIE-TÍTULO UNIFORME
Título uniforme Ciencias históricas.
Nombre de parte o sección de la obra Las grandes épocas de la historia
9 (RLIN) 232232
852 ## - LOCALIZACIÓN
Ubicación ES-MaACL
Número de control de estantería E-2017
Sublocalización o colección R.23017
Holdings
Estatus retirado Estado de pérdida Estado de daño No para préstamo Biblioteca de origen Biblioteca actual Ubicación en estantería Fecha de adquisición Fuente de adquisición Total de préstamos Signatura topográfica completa Código de barras Visto por última vez Precio de reemplazo Tipo de ítem Koha
        Biblioteca del Ateneo de Madrid Biblioteca del Ateneo de Madrid Depósito 2 17/01/2008     E-2017 1100345 23/02/2023 23/02/2023 Libro impreso